000 00620nam a2200157 a 4500
001 000045977
005 20201002052546.0
008 150605s2009 dr ac 000 0 spa d
040 _aDO-SdBNP
_bspa
_cBNPHU
082 _axxxx
_bxxxx
100 1 _aTavárez Mirabal, Minou
_961915
245 1 0 _aRendición de cuentas período legislativo 2006-2010 :
_bdiputada circunscripción no. 1 Distrito Nacional /
_cMinou Tavárez Mirabal.
260 _aSanto Domingo :
_bCámara de Diputados de la República Dominicana,
_c2009.
300 _a60 p. :
_bil. ;
_c22 cm.
710 2 2 _aCámara de Diputados de la República Dominicana
_957997
999 _c45466
_d45466